00785 2200277 4500001002100000005001500021035002000036007000300056008003900059020002000098082001000118084001600128100001700144245006000161250001300221260003900234300003600273500001100309650003600320650003700356650003400393990002000427990002000447990002000467990002000487INLIS00000000000317720220913074338 a0010-0922000093ta220913 | | |  a9789795342112-0 a912.1 a912.1 ADA s0 aAdam Hibbert1 a100 Pengetahuan tentang Keajiaban Dunia /cAdam Hibbert aCet. 22. aBandung. :bPT. Pakar Raya,c2009. a48 hlm. :bilus. ;c20 x 29 cm. aIndeks aAlih Bahasa, Rachma Apsari A.md aPenyunting bahasa, Ir. Rudiyanto aPewajah Ulang, Nunung Suparna a12789/P/BL/2016 a12792/P/BL/2016 a12791/P/BL/2016 a12788/P/BL/2016